Tiempo y espacio: las luchas sociales de las mujeres latinoamericanas /

El tema se centra en la mujer Uruguaya y su papel dentro de los sectores populares. Se mencionan y discuten dichos papeles: madre, obrera, prostituta, esposa, y sus combinaciones

Wedi'i Gadw mewn:
Manylion Llyfryddiaeth
Prif Awdur: Boggio Carrillo, Zoila
Awduron Eraill: Criales Burgos, Lucila, Feijóo, María del Carmen, comp, Frega, Ana, Gonzáles Sierra, Yamandú, León, Magdalena, Montoya, Silvia B.
Fformat: Anhysbys
Cyhoeddwyd: Buenos Aires: CLACSO
Pynciau:
Tagiau: Ychwanegu Tag
Dim Tagiau, Byddwch y cyntaf i dagio'r cofnod hwn!

MARC

LEADER 00000 a2200000 04500
001 37416
003
008 991231s d
040
020 |a 950-9231-38-X  
022 |a 950-9231-38-X  
090 |a 0007 L579t  
100 |a Boggio Carrillo, Zoila  
245 |a Tiempo y espacio: las luchas sociales de las mujeres latinoamericanas /  |c Zoila Boggio Carrillo 
260 |a Buenos Aires:   |b CLACSO  
300 |a 327 p.  
520 |a El tema se centra en la mujer Uruguaya y su papel dentro de los sectores populares. Se mencionan y discuten dichos papeles: madre, obrera, prostituta, esposa, y sus combinaciones  
650 |a MUJERES  
650 |a URUGUAY  
700 |a Criales Burgos, Lucila  
700 |a Feijóo, María del Carmen, comp  
700 |a Frega, Ana  
700 |a Gonzáles Sierra, Yamandú  
700 |a León, Magdalena  
700 |a Montoya, Silvia B.  
999 |c 10257  |d 10257